Countries that still have Monarchs - Statistics

General Stats
  • This quiz has been taken 38 times
    15 since last reset
  • The average score is 20 of 27
Answer Stats
Country % Correct
Denmark
100%
Saudi Arabia
100%
Sweden
100%
United Kingdom
100%
Japan
93%
Qatar
93%
Thailand
93%
Luxembourg
87%
Norway
87%
Oman
87%
Spain
87%
Belgium
80%
Monaco
80%
Andorra
73%
Brunei
73%
Jordan
73%
Bahrain
67%
Kuwait
67%
Liechtenstein
67%
Netherlands
67%
Swaziland
60%
Lesotho
53%
Morocco
53%
Cambodia
47%
Malaysia
47%
Tonga
40%
Bhutan
27%
No matching quizzes found
Score Distribution
Percent of People with Each Score
Percentile by Number Answered
Your Score History
You have not taken this quiz since the last reset